LEADER 01500nam0 22003491i 450 001 UON00528970 005 20250714103555.572 010 $a978-14-696-1519-6 100 $a20250707d2006 |0itac50 ba 101 $aeng 102 $aUS 105 $a|||| ||||| 200 1 $aConstructing Bangladesh$ereligion, ethnicity, and language in an Islamic nation$fBy Sufia M. Uddin 210 $aChapel Hill$cThe University of North Carolina Press$d2006 215 $a248 p.$cill.$d23 cm 410 1$1001UON00343228$12001 $aIslamic civilization and Muslim networks$fCarl W. Ernst, Bruce B. Lawrunce, (eds.) 606 $aBangladesh$xCiviltà$3UONC103663$2FI 606 $aIdentità di gruppo$xBangladesh$xStoria$3UONC104917$2FI 606 $aIslam e Stato$xBangladesh$xStoria$3UONC104916$2FI 606 $aLingua bengali$xAspetti sociali$3UONC104918$2FI 606 $aNazionalismo$xBangladesh$xStoria$3UONC104919$2FI 620 $aUS$dChapel Hill$3UONL000709 676 $a954.92$cBANGLADESH - Storia$v22 700 1$aUddin$bSufia M.$3UONV297563$0506916 712 $aUniversity of North Carolina$3UONV246332$4650 801 $aIT$bSOL$c20250718$gRICA 899 $aSIBA - SISTEMA BIBLIOTECARIO DI ATENEO$2UONSI 912 $aUON00528970 950 $aSIBA - SISTEMA BIBLIOTECARIO DI ATENEO$dSI SI SHIVA 358 $eSI 52994 7 358 996 $aConstructing Bangladesh$9778905 997 $aUNIOR 998 $a1